000 00790nam a2200241 i 4500
001 147666
003 ES-MaACL
005 20260612132715.0
007 t|
008 071004s1951 sp f |||| | spa d
080 _a930.85(498)
080 _a94(498)
100 1 _aUscatescu, Jorge,
_d1919-1995
_9112293
245 1 0 _aRumanía
_b: pueblo, historia y cultura /
_cGeorge Uscatescu.
260 _aMadrid :
_bGómez,
_c1951.
300 _a210 p., XXIII h. de lám. ;
_c25 cm.
594 _aPrecede al tít.: Consejo Superior de Investigaciones Científicas.
651 4 _aRumanía-
_xCivilización.
_99322
651 4 _aRumanía-
_xHistoria.
_9137345
710 2 _aConsejo Superior de Investigaciones Científicas (España)
_93236
852 _aES-MaACL
_jD-7306
999 _c147666
_d147666